Statistics for People Depicted in Paintings

Click here to take the quiz!

General Stats

  • This quiz has been taken 36,718 times
  • The average score is 13 of 18

Answer Stats

Answer% Correct
Napoleon
94%
Vincent Van Gogh
93%
Queen Elizabeth I
92%
Virgin Mary
87%
King Henry VIII
86%
Joan of Arc
83%
Moses
79%
Marie Antoinette
76%
Julius Caesar
73%
George Washington
72%
Adam
71%
Cleopatra
69%
Socrates
61%
Confucius
58%
Rembrandt
55%
Lady Godiva
44%
Odysseus
40%
Jean-Paul Marat
22%

Score Distribution

Percentile by Number Answered

Percent of People with Each Score

Your Score History

You have not taken this quiz